Rock/Metal Bands/Artists Who Released the Most Studio Albums - Statistics

General Stats
  • This quiz has been taken 82 times
  • The average score is 2 of 10
Answer Stats
Number of Albums Artist/Band % Correct
29 The Rolling Stones
77%
302 Buckethead
38%
109 Frank Zappa
31%
22 Motörhead
26%
26 Melvins
14%
30 Hawkwind
12%
32 The Fall
12%
44 The Residents
11%
74 Acid Mothers Temple
8%
24 Boris
8%
No matching quizzes found
Score Distribution
Percent of People with Each Score
Percentile by Number Answered
Your Score History
You have not taken this quiz